| 000 | 00801nam a2200169 i 4500 | ||
|---|---|---|---|
| 001 | 182514 | ||
| 003 | ES-MaACL | ||
| 005 | 20230906221630.0 | ||
| 008 | 130910s1872 xxk |||| | eng d | ||
| 245 | 0 | 0 |
_aReports from Her Majesty's representatives respecting the tenure of land in the several countries of Europe _b: (in continuation of Papers laid before Parliament march 29 and abril 5, 1870, and march 27, and august 8,1871 : Presented to both Houses of Parliament by command of Her Majesty. 1872. / _c[By Great Britain. Foreign Office]. |
| 260 |
_aLondon : _bHarrison and sons, _c[1872] |
||
| 300 |
_a2 p. ; _c33 cm. |
||
| 594 | _aPrecede al tít.: Part V. | ||
| 650 | 4 |
_aPropiedad- _zGran Bretaña. _9153386 |
|
| 710 | 0 |
_aGran Bretaña. _bForeign Office. _94480 |
|
| 852 |
_aES-MaACL _jT-653-F-8 |
||
| 999 |
_c182514 _d182514 |
||